00511 2200169 4500001002100000005001700021008004100038020001800079035002400097090001600121100001700137245007500154260003600229300003500265504001700300650002400317YOGYA-0311000000020520110310092202.0 ind  a979-3837-19-5 0010-031100000000205 b650.1 Gam p aGAMPING , As aPara pengusaha Super Kaya : Filosofi Pengalaman , arisan / AS. Gamping aYogyakartabPustaka Timurc2008 aViii, 16 Hlm .:bIlus .;c23cm aHlm .143-146 aSukses dalam Bisnis